| 000 | 01112nam a2200181Ia 4500 | ||
|---|---|---|---|
| 008 | 100920s9999 xx 000 0 und d | ||
| 082 |
_b63227 _a61 थ 61 |
||
| 100 | _aआनंदयात्री. | ||
| 245 | _aसांस्कृतिक भारत दर्शन 4 त्रभिुवनेश्वर लिंगराज श्रीक्षेत्र भुवनेश्वर. | ||
| 260 |
_bवोरा ऍण्ड कंपनी पब्लिशर्स प्रा. लि., मंुबई 2. _c1961 |
||
| 300 |
_a27 _bसाधी |
||
| 365 | _b0.8 | ||
| 520 | _aस्थानिक वाचन. | ||
| 630 | _aसांस्कृतिक भारत दर्शन 4 त्रभिुवनेश्वर लिंगराज श्रीक्षेत्र भुवनेश्वर. | ||
| 650 | _aस्थानिक वाचन. | ||
| 730 | _aसांस्कृतिक भारत दर्शन 4 त्रभिुवनेश्वर लिंगराज श्रीक्षेत्र भुवनेश्वर. | ||
| 942 | _cBOOK | ||
| 999 |
_c706309 _d706306 |
||